Management Science Journal of The Institute of Management Sciences

Enregistré dans:
Détails bibliographiques
Format: Publication en série
Langue:anglais
Publié: Baltimore The Institute of Management Sciences 1992
Sujets:
Tags: Ajouter un tag
Pas de tags, Soyez le premier à ajouter un tag!

MARC

LEADER 00000nas2a2200000 4500
001 s018385
005 20240109094145.9
022 |a 0025-1909 
041 0 |a eng 
044 |a US 
245 1 0 |a Management Science  |b Journal of The Institute of Management Sciences 
264 1 |a Baltimore  |b The Institute of Management Sciences  |c 1992 
300 |a 2 zv. 
773 0 |w eu_un_cat*s120435 
610 2 0 |a veda o riadení 
610 2 0 |a manažment